000 01347nam2a22002771 4500
001 RU\NLR\A1SV\120111
005 20260311153723.0
035 _a(NLR Aleph) 010440790
090 _a13488926
_c13488926
100 _a20130712d1919 u y0rusy50 ca
101 0 _arus
200 1 _aРуководящие указания по организации театра
_fСотрудники: К.Н.Вертышев, Т.В.Леонтьев, Н.В.Петров, Е.Н.Сергиев
215 _a56, [1] с.
320 _aБиблиогр.: С.47-56
461 1 _1001RU\NLR\A1SV\120110
_12000#$vВып.1
_99889663
_cПетрозаводск
_d1919-1920
_nОтд. нар. образов. при Олон. губ. исп. к-те Сов. к., р. и к. д.
_tТеатр в деревне
_vВып.1
702 1 _aВертышев
_bК.Н.
_f1881-1942
_gКонстантин Николаевич
702 1 _aЛеонтьев
_bТ.В.
_f1880-1964
_gТимофей Васильевич
702 1 _aСергиев
_bЕ.Н.
702 1 _7ca
_8rus
_aПетров
_bН. В.
_cд-р искусствоведения, режиссер
_f1890-1964
_gНиколай Васильевич
_9200490
_3RU\NLR\AUTH\770200541
801 0 _aRU
_bNLR
_c20130712
852 _aNLR
_j58-2/472
852 _aNLR
_jМф К1/4644
942 _cBOOK
980 _aA1SV
980 _aNB